Principes et technologies des télécoms (Record no. 54628)
[ view plain ]
| 000 -LEADER | |
|---|---|
| fixed length control field | 00594nam a22001937a 4500 |
| 007 - PHYSICAL DESCRIPTION FIXED FIELD--GENERAL INFORMATION | |
| fixed length control field | 00 |
| 008 - FIXED-LENGTH DATA ELEMENTS--GENERAL INFORMATION | |
| fixed length control field | 160620b xxu||||| |||| 00| 0 eng d |
| 020 ## - INTERNATIONAL STANDARD BOOK NUMBER | |
| International Standard Book Number | 2-7462-1087-8 |
| 040 ## - CATALOGING SOURCE | |
| Original cataloging agency | BUAC |
| Transcribing agency | BUC |
| 041 ## - LANGUAGE CODE | |
| Language code of text/sound track or separate title | Fre. |
| 100 ## - MAIN ENTRY--PERSONAL NAME | |
| Personal name | Lecoy, Pierre |
| 245 ## - TITLE STATEMENT | |
| Title | Principes et technologies des télécoms |
| Statement of responsibility, etc | / Pierre Lecoy |
| 260 ## - PUBLICATION, DISTRIBUTION, ETC. (IMPRINT) | |
| Place of publication, distribution, etc | Paris : |
| Name of publisher, distributor, etc | Lavoisier, |
| Date of publication, distribution, etc | 2005 |
| 300 ## - PHYSICAL DESCRIPTION | |
| Extent | 447 p. |
| Dimensions | 24 cm. |
| Other physical details | couv. en coul. ; |
| 521 ## - TARGET AUDIENCE NOTE | |
| Target audience note | Bibliogr. pp. (425 - 428) ; Lexique : pp. (429 - 440); Index : pp. (441- 447) |
| 630 ## - SUBJECT ADDED ENTRY--UNIFORM TITLE | |
| Uniform title | SCIENCES APPLIQUEES |
| 650 ## - SUBJECT ADDED ENTRY--TOPICAL TERM | |
| Source of heading or term | Télécommunication : principe |
| 942 ## - ADDED ENTRY ELEMENTS (KOHA) | |
| Item type | Libre Accès |
| Withdrawn status | Lost status | Damaged status | Not for loan | Location (home branch) | Sublocation or collection (holding branch) | Date acquired | Source of acquisition | Coded location qualifier | Koha issues (times borrowed) | Koha full call number | Piece designation (barcode) | Koha date last seen | Copy number | Price effective from | Koha item type | Shelving location |
|---|---|---|---|---|---|---|---|---|---|---|---|---|---|---|---|---|
| Bibliothèque Universitaire Centrale | Bibliothèque Universitaire Centrale | 11/06/2015 | Don ARES | 16/379 | 621.39 LEC | 16-379BUC | 20/06/2016 | 1 | 20/06/2016 | Libre Accès | ||||||
| Bibliothèque Universitaire Centrale | Bibliothèque Universitaire Centrale | 28/10/2016 | Don ABAR | 16/1480 | 621.39 LEC | 16-1480Buc | 03/03/2017 | 2 | 03/03/2017 | Libre Accès | ||||||
| Bibliothèque Universitaire Centrale | Bibliothèque Universitaire Centrale | 17/07/2017 | Don ARES | 17/293 | 621.39 LEC | 17-293Buc | 17/07/2017 | 3 | 17/07/2017 | Libre Accès |